NAILS HEALTH LAW AND POLICY JOURNAL (Record no. 43658)

MARC details
003 - CONTROL NUMBER IDENTIFIER
control field 43659
005 - DATE AND TIME OF LATEST TRANSACTION
control field 20250930204437.0
008 - FIXED-LENGTH DATA ELEMENTS--GENERAL INFORMATION
fixed length control field 250930b |||||||| |||| 00| 0 eng d
022 ## - INTERNATIONAL STANDARD SERIAL NUMBER
International Standard Serial Number 27566943
040 ## - CATALOGING SOURCE
Transcribing agency Nile University of Nigeria ,Abuja
Description conventions rda
050 ## - LIBRARY OF CONGRESS CALL NUMBER
Classification number K 60 .N5/
082 ## - DEWEY DECIMAL CLASSIFICATION NUMBER
Classification number K 60 .N5/
245 ## - TITLE STATEMENT
Title NAILS HEALTH LAW AND POLICY JOURNAL
250 ## - EDITION STATEMENT
Edition statement Vol2{1/2} 2020
260 ## - PUBLICATION, DISTRIBUTION, ETC. (IMPRINT)
Place of publication, distribution, etc Lagos
Name of publisher, distributor, etc NIALS PUBLISHER
Date of publication, distribution, etc 2020
264 ## - PUBLICATION, DISTRIBUTION, ETC. (IMPRINT)
Place of publication, distribution, etc Lagos
Name of publisher, distributor, etc NIALS PUBLISHER
Date of publication, distribution, etc 2020
300 ## - PHYSICAL DESCRIPTION
Extent xvii, 362pg., 35 cm.
336 ## - CONTENT TYPE
Source rdacontent
338 ## - CARRIER TYPE
Source rdacarrier
500 ## - GENERAL NOTE
General note include Index
942 ## - ADDED ENTRY ELEMENTS (KOHA)
Source of classification or shelving scheme Library of Congress Classification
Koha item type JOURNALS
Holdings
Withdrawn status Lost status Source of classification or shelving scheme Damaged status Not for loan Permanent Location Current Location Shelving location Date acquired Total Checkouts Date last seen Price effective from Koha item type
    Library of Congress Classification     Law Library Law Library Items on shelf 05/06/2020   09/30/2025 09/30/2025 JOURNALS
    Library of Congress Classification     Law Library Law Library Items on shelf 05/06/2020   09/30/2025 09/30/2025 JOURNALS
    Library of Congress Classification     Law Library Law Library Items on shelf 05/06/2020   09/30/2025 09/30/2025 JOURNALS
    Library of Congress Classification     Law Library Law Library Items on shelf 05/06/2020   09/30/2025 09/30/2025 JOURNALS
    Library of Congress Classification     Law Library Law Library Items on shelf 05/06/2020   09/30/2025 09/30/2025 JOURNALS
    Library of Congress Classification     Law Library Law Library Items on shelf 05/06/2020   09/30/2025 09/30/2025 JOURNALS
    Library of Congress Classification     Law Library Law Library Items on shelf 05/06/2020   09/30/2025 09/30/2025 JOURNALS
    Library of Congress Classification     Law Library Law Library Items on shelf 05/06/2020   09/30/2025 09/30/2025 JOURNALS
    Library of Congress Classification     Law Library Law Library Items on shelf 05/06/2020   09/30/2025 09/30/2025 JOURNALS